000 005530000a22001690004500
090 _aAR
_b03310
245 1 0 _aPollination and phenology of flowers in the canopy of two contrasting rain forest types in Amazonia, Colombia
650 1 4 _aEcología vegetal
_9353
650 1 4 _aFenología
_992807
650 1 4 _aPolinización
_994027
650 1 4 _aReproducción vegetal
_993561
651 4 _lRío Caquetá
_pColombia
_992749
041 0 _aInglés
100 1 _aDulmen van, Arthur
_996942
942 _cARTICULO
773 1 _tPlant Ecology
_3147
_q73-85
_d2001
_g153
999 _c12361
_d12361